Electric Circuits and Electron Devices (Record no. 220160)

MARC details
000 -LEADER
fixed length control field 00508nam a2200205Ia 4500
008 - FIXED-LENGTH DATA ELEMENTS--GENERAL INFORMATION
fixed length control field 240823s9999||||xx |||||||||||||| ||und||
020 ## - INTERNATIONAL STANDARD BOOK NUMBER
International Standard Book Number 978-81-909278-5-7
082 ## - DEWEY DECIMAL CLASSIFICATION NUMBER
-- 621.3192 Q0
100 ## - MAIN ENTRY--PERSONAL NAME
Personal name Milton A
245 #0 - TITLE STATEMENT
Title Electric Circuits and Electron Devices
250 ## - EDITION STATEMENT
Edition statement 1st
260 ## - PUBLICATION, DISTRIBUTION, ETC. (IMPRINT)
Date of publication, distribution, etc 2010
Name of publisher, distributor, etc "Tri Sea Pub, Nage"
500 ## - GENERAL NOTE
General note TRANSFERED
650 ## - SUBJECT ADDED ENTRY--TOPICAL TERM
Topical term or geographic name as entry element Electric Circuits
700 ## - ADDED ENTRY--PERSONAL NAME
Personal name Caroline S
942 ## - ADDED ENTRY ELEMENTS (KOHA)
Item type Books
Holdings
Withdrawn status Lost status Damaged status Permanent location Current location Shelving location Date acquired Cost, normal purchase price Full call number Barcode Date last seen Koha item type
      CENTRAL LIBRARY, NOORUL ISLAM CENTRE FOR HIGHER EDUCATION CENTRAL LIBRARY, NOORUL ISLAM CENTRE FOR HIGHER EDUCATION   11/27/2014 370.00 621.3192 Q0 69404 08/23/2024 Books
Visitors:
Copyright © 2024 Central Library NICHE.  All rights reserved.